000
00318nam a2200133 4500
008
191125s2017||||xo d
245
1
0
_a
Ako sa cíta obraz
250
_a
1.vydanie
260
_b
Modrý Peter
_a
Bratislava
_c
2017
300
_a
159s.
020
_a
9788089545551
_c
16,15
041
1
_a
slo
044
_a
xo
_c
SK
999
_c
22819
_d
22819